<?xml version="1.0" encoding="UTF-8"?>
<collection xmlns="http://www.loc.gov/MARC21/slim">
 <record>
  <leader>03317nam a2200325 a 4500</leader>
  <controlfield tag="001">TVCDKTCT8553</controlfield>
  <controlfield tag="003">Thư viện trường Cao đẳng Kỹ thuật Cao Thắng</controlfield>
  <controlfield tag="005">20170605080722.8</controlfield>
  <controlfield tag="008">080218</controlfield>
  <datafield tag="980" ind1="\" ind2="\">
   <subfield code="a">Thư viện Trường CĐ Kỹ Thuật Cao Thắng</subfield>
  </datafield>
  <datafield tag="024" ind1=" " ind2=" ">
   <subfield code="a">RG_1 #1 eb0 i1</subfield>
  </datafield>
  <datafield tag="041" ind1="0" ind2="#">
   <subfield code="a">vie</subfield>
  </datafield>
  <datafield tag="082" ind1="#" ind2="#">
   <subfield code="a">621.8 / </subfield>
   <subfield code="b">C455NGH-đ</subfield>
  </datafield>
  <datafield tag="100" ind1="1" ind2="#">
   <subfield code="a">Đòan Thị Minh Trinh</subfield>
  </datafield>
  <datafield tag="245" ind1="0" ind2="0">
   <subfield code="a">Công nghệ CAD/ CAM / </subfield>
   <subfield code="c">Đòan Thị Minh Trinh</subfield>
  </datafield>
  <datafield tag="260" ind1="#" ind2="#">
   <subfield code="a">H. : </subfield>
   <subfield code="b">Khoa học  và Kỹ thuật , </subfield>
   <subfield code="c">1998</subfield>
  </datafield>
  <datafield tag="300" ind1="#" ind2="#">
   <subfield code="a">398tr. ; </subfield>
   <subfield code="c">27cm</subfield>
  </datafield>
  <datafield tag="520" ind1="#" ind2="#">
   <subfield code="a">Cuốn sách được biên soạn như giáo trình, tài liệu tham khảo về Mô hình hóa học (Geometric modeling), CAD, CAD/CAM phục vụ cho sinh viên, học viên sau đại học của các trường đại học kỹ thuật và tự nhiên, cán bộ nghiên cứu, kỹ sư , kỹ thuật viên trong các lĩnh vực liên quan, đặc biệt trong lĩnh vực Đồ họa kỹ thuật, Thiết kế và phát triển sản phẩm; Thiết kế khuôn mẫu.</subfield>
  </datafield>
  <datafield tag="520" ind1="#" ind2="#">
   <subfield code="a">Mục tiêu cấu trúc nội dung cho cuốn sách không dàn trải đến mọi nội dung có liên quan tới CAD/ CAM. Trọng tâm đề cập tới những vấn đề cốt lõi nhất CAD : Mô hình hóa hình học, Thiết kế tạo hình. các chủ đề được cấu trúc trong 4 phần nội dung chính :</subfield>
  </datafield>
  <datafield tag="520" ind1="#" ind2="#">
   <subfield code="a">Phần A: Tổng quan về CAD / CAM đề cập tới bản chất của công nghệ CAD/ CAM; vai trò và chức năng của CAD trong thiết kế và sản xuất nói chung, đặc biệt trong thiết kế và gia công tạo hình.</subfield>
  </datafield>
  <datafield tag="520" ind1="#" ind2="#">
   <subfield code="a">Phần B: Mô hình hóa hình học đề cập tới cơ sở, bản chất của các phương pháp thiết kế tạo hình; cốt lõi của vấn đề quản lý và xử lý dữ liệu hình học theo công nghệ CAD/CAM.</subfield>
  </datafield>
  <datafield tag="520" ind1="#" ind2="#">
   <subfield code="a">Phần C: Mô hình hóa hình học và thiết kế tạo hình- đề cập tới ứng dụng mô hình hóa hình học trong thiết kế tạo hình.Phần này giới các chức năng thiết kế tạo hình thông qua một số bài tập thiết kế điển hình của các phần mềm CAD/CAM chuyên nghiệp được xây dựng trên cơ sở mô hình hóa hình học</subfield>
  </datafield>
  <datafield tag="520" ind1="#" ind2="#">
   <subfield code="a">Phần D: Thực hành thiết kế tạo hình. Phần này cung cấp cho bạn đọc kỹ năng thiết kế tạo hình thông qua một số bài tập thiết kế điển hình của các phần mềm CAD: AUtocad và các bộ phần mềm CAD/CAM chuyên nghiệp: Cimatron; Pro/ENGINEER</subfield>
  </datafield>
  <datafield tag="650" ind1="#" ind2="4">
   <subfield code="a">Công nghệ</subfield>
  </datafield>
  <datafield tag="650" ind1="#" ind2="4">
   <subfield code="a">Công nghệ CAD/CAM</subfield>
  </datafield>
  <datafield tag="650" ind1="#" ind2="4">
   <subfield code="a">Mô hình hóa hình học</subfield>
  </datafield>
  <datafield tag="650" ind1="#" ind2="4">
   <subfield code="a">Thiết kế với sự trợ giúp của máy tính điện tử</subfield>
  </datafield>
  <datafield tag="721" ind1="#" ind2="#">
   <subfield code="a">CNKT Cơ điện tử</subfield>
  </datafield>
  <datafield tag="721" ind1="#" ind2="#">
   <subfield code="a">CNKT Cơ khí</subfield>
  </datafield>
  <datafield tag="841" ind1="#" ind2="#">
   <subfield code="b">Kho Sách </subfield>
   <subfield code="j">100022550, 100039410</subfield>
  </datafield>
 </record>
</collection>
